| 000 | 00460nam a22001577a 4500 | ||
|---|---|---|---|
| 999 |
_c524763 _d524763 |
||
| 003 | NUST | ||
| 038 | _aMr. Zahoor | ||
| 082 | _a621.3 | ||
| 100 |
_aAhsan Ali Khan _915556 |
||
| 245 |
_a3D Localization of Target Using 2D Radar and Mechanized Optical sensor / _cAhsan Ali Khan |
||
| 260 |
_aIslamabad : _bCEME - NUST, _c2014. |
||
| 300 |
_axiv, 52 p. : ill. ; _c30 cm. |
||
| 500 | _aHardcover. | ||
| 600 | _2Computer Engineering - MS Thesis | ||
| 942 |
_2ddc _cTHE |
||